LEADER 01879nam a2200361 a 4500 001 000000122348 003 CaOOAMICUS 005 20100623155020.0 008 100623s1988 be u000 u eng r 040 $aPUL$bita 041 1 $aeng$adut$aenglat$hdum 100 1 $aRuusbroec, Jan van,$d1293-1381.$0(OLS)http://pul/name/298 245 14$aDie geestelike brulocht /$cJan van Ruusbroec ; edited by Dr. J. Alaerts ; translated by Dr. H. Rolfson ; introduced by Dr. P. Mommaers ; directed by Dr. G. de Baere. 246 33$aThe Spiritual Espousals 260 $aTielt :$bLannoo,$c1988$aTurnhout :$bBrepols,$c1988. 300 $a728 p. ;$c25 cm 490 1 $aJan van Ruusbroec opera omnia ;$v3 490 1 $aStudiën en tekstuitgaven van Ons Geestelijk Erf ;$v20,3 500 $aContiene indici. 546 $aTesto in olandese medio con traduzioni a fronte in inglese e latino, introduzione in inglese e olandese. 700 1 $aAlaerts, J.,$cS.I.$0(OLS)http://pul/name/15784 700 1 $aRolfson, H.$0(OLS)http://pul/name/301 700 1 $aBaere, G. de$q(Guido de).$0(OLS)http://pul/name/299 700 1 $aSurius, Laurentius,$d1522-1578.$0(OLS)http://pul/name/302 800 1 $aRuusbroec, Jan van,$d1293-1381.$tOpera omnia ;$v3.$0(OLS)http://pul/nameTitle/495$0(OLS)http://pul/name/298$0(OLS)http://pul/title/2415 830 0$aStudiën en tekstuitgaven van Ons Geestelijk Erf ;$v20,3.$0(OLS)http://pul/title/65422 850 $aPUL 852 $aPUL$W1$xSL Religione 1$y3$m74 E 26.3$j140475$qStampati$B139605$CPULBib$Z2$F139605 $H59926 $82 941 1 $a8 996 $6245$aDie geestelike brulocht$9(OLS)http://pul/title/25128 996 $6246$aThe Spiritual Espousals$9(OLS)http://pul/title/154052 996 $6260$aTielt :$bLannoo$9(OLS)http://pul/publisher/48014 996 $6260$aTurnhout :$bBrepols$9(OLS)http://pul/publisher/47850 LEADER 01144nam a2200241 u 4500 001 000000089701 003 CaOOAMICUS 005 20070226124638.0 008 051125s1973 it ad u000 u ita u 035 $a11070593 040 $aPUL(R)$bita 100 1 $aColagiovanni, Emilio.$0(OLS)http://pul/name/31765 245 10$aCrisi vere e false nel ruolo del prete oggi :$bstudio sociologico a livello mondiale /$cEmilio Colagiovanni. 260 $aRoma :$bCittà Nuova,$cc1973. 300 $a275 p. :$bill., diagr. ;$c22 cm 504 $aBibliografia in nota. 650 4$aSacerdoti.$0(OLS)http://pul/subject/9003 850 $aPUL 852 $aPUL$W1$xDP1 Fondo Pastorale$y55$mP14 H 6$j113359$nBK-PRI$b $qFondi$B113359$CPULBib$Z2$F113359 $H $81 852 $aPUL$W1$xDP1 Fondo Pastorale$y55$mP14 H 1$j113360$nBK-PRI$b $qFondi$B113360$CPULBib$Z2$F113360 $HPUL57826 $81 941 1 $a1 996 $6245$aCrisi vere e false nel ruolo del prete oggi :$bstudio sociologico a livello mondiale$9(OLS)http://pul/title/115819 996 $6260$aRoma :$bCittà Nuova$9(OLS)http://pul/publisher/47927 LEADER 01429nam a2200265 a 4500 001 000000118025 003 CaOOAMICUS 005 20091117151234.0 008 091117s1982 it a u000 u ita r 040 $aPUL$bita$dCP 245 02$aL'archivio storico comunale :$b1513-1946 /$ca cura di Giuseppe D'Angelo, Maria Di Maio, Antonella Di Martino ; con prefazione di Catello Salvati. 260 $aCastellammare di Stabia :$bTipografia De Martino,$c1982. 300 $axvii, 169 p. :$bfacs. ;$c25 cm 500 $aIn testa al front.: Città di Castellammare di Stabia, Assessorato alla P.I. e promozione culturale, progetto 285 archivio storico 504 $aBibliografia in nota 610 24$aArchivio comunale di Castellammare di Stabia.$0(OLS)http://pul/subject/35801 610 24$aArchivio comunale di Castellammare di Stabia$xDocumenti.$0(OLS)http://pul/subject/35802 700 1 $aD'Angelo, Giuseppe.$0(OLS)http://pul/name/45838 700 1 $aDi Maio, Maria.$0(OLS)http://pul/name/73688 700 1 $aDi Martino, Antonella.$0(OLS)http://pul/name/73689 850 $aPUL 852 $aPUL$W1$xDP1 Cons. Gen., Altre Classi 1$y22$m242 G 25$j135470$qStampati$B134439$CPULBib$Z2$F134439 $H49684 $82 941 1 $a8 996 $6245$aL'archivio storico comunale :$b1513-1946$9(OLS)http://pul/title/148558 996 $6260$aCastellammare di Stabia :$bTipografia De Martino$9(OLS)http://pul/publisher/80917